Pokémon - Les attaques de Chochodile - Statistiques

Statistiques générales
  • Ce quiz a été pris 22 fois
  • Le résultat moyen est 7 sur 12
Statistiques - réponses
Niveaux Types Noms des attaques % Correct
Départ Feu Flammèche
93%
Départ Normal Charge
86%
Niveau 12 Ténèbres Morsure
86%
Niveau 15 Feu Calcination
79%
Départ Normal Groz'Yeux
79%
Niveau 28 Feu Lance-Flammes
71%
Niveau 36 Feu Déflagration
64%
Niveau 7 Normal Chant Canon
50%
Niveau 32 Normal Mégaphone
43%
Niveau 25 Normal Hurlement
36%
Niveau 17 Normal Bâillement
29%
Niveau 21 Ténèbres Aboiement
21%
Aucun quiz correspondant
Distribution des résultats
% des personnes avec chaque résultat
Percentile par nombre de réponses
Votre historique - résultats
Vous n’avez pas pris ce quiz